Gaming Quiz

Random Gaming or Nintendo Quiz

Pokémon Move: Karate Chop Quiz Stats

 Plays Quiz not verified by Sporcle

Challenge
Share
Tweet
Embed
Score 0/11 Timer 03:00
0 Plays Today
Index # Pokémon % Correct
66Machop
96%
67Machoke
96%
68Machamp
94%
56Mankey
88%
57Primeape
86%
539Sawk
74%
674Pancham
56%
675Pangoro
56%
701Hawlucha
48%
239*Elekid
36%
240*Magby
36%

You're not logged in!

Compare scores with friends on all Sporcle quizzes.
OR
Log In

You Might Also Like...

Show Comments

Extras

Top Quizzes Today


Score Distribution

Your Account Isn't Verified!

In order to create a playlist on Sporcle, you need to verify the email address you used during registration. Go to your Sporcle Settings to finish the process.

Report this User

Report this user for behavior that violates our Community Guidelines.

Details: